World Military and social expenditures, 1987-88

Salvato in:
Dettagli Bibliografici
Autore principale: Leger Sivard, Ruth
Natura: testo
Pubblicazione: Washington: World Priorities
Tags: Aggiungi Tag
Nessun Tag, puoi essere il primo ad aggiungerne!!

MARC

LEADER 00000 a a2200000 04500
001 24564
003
040
090 |a 177500  
100 |a Leger Sivard, Ruth  
245 |a World Military and social expenditures, 1987-88  
260 |a Washington:   |b World Priorities  
300 |a 52 p.   |b **no definido**   |b il.   |b fonodiscos  
999 |c 2917  |d 2917